Movies Quiz

Random Movies or Famous Quiz

Biopic People Quiz Stats

 Plays Quiz Updated Mar 1, 2019

Score 0/26 Timer 06:00
1 Play Today
Movie Subject % Correct
Walk The LineJohnny Cash
89.9%
The AviatorHoward Hughes
75.4%
BraveheartWilliam Wallace
66.2%
The DoorsJim Morrison
65.6%
What's Love Got To Do With ItTina Turner
56%
Man On The MoonAndy Kaufman
49.6%
The Last King of ScotlandIdi Amin
48.4%
Pride Of The YankeesHenry Louis 'Lou' Gehrig
48%
The UntouchablesEliot Ness
45.9%
La BambaRitchie Valens
44%
Coal Miner's DaughterLoretta Lynn
39.6%
Public EnemiesJohn Dillinger
38.8%
Raging BullJake LaMotta
33.4%
Movie Subject % Correct
Young GunsBilly The Kid
32.9%
A Beautiful MindJohn Nash
32.8%
The Blind SideMichael Oher
31.5%
The HurricaneRubin Carter
29.3%
The HoursVirginia Woolf
26.1%
Beyond the SeaBobby Darin
24.7%
Good Night, And Good LuckEdward R. Murrow
24.3%
The Elephant ManJoseph Merrick
20.6%
Cinderella ManJames Braddock
18.3%
Immortal BelovedLudwig van Beethoven
17.1%
Catch Me If You CanFrank Abagnale
17%
Confessions of a Dangerous MindChuck Barris
10.2%
Born on the Fourth of JulyRon Kovic
7.3%

You're not logged in!

Compare scores with friends on all Sporcle quizzes.
OR
Log In

Sporcle TV

Today on Sporcle TV


Watch our educational content, quiz creation guides, and fun videos on Sporcle TV.

Show Comments

Extras

Top Quizzes Today


Score Distribution

Your Account Isn't Verified!

In order to create a playlist on Sporcle, you need to verify the email address you used during registration. Go to your Sporcle Settings to finish the process.

Report this User

Report this user for behavior that violates our Community Guidelines.

Details: